Online
Catalog

Cronología : (Record no. 18644)

MARC details
000 -CABECERA
campo de control de longitud fija 00863cam a2200229 a 4500
001 - NÚMERO DE CONTROL
campo de control 000019126
003 - IDENTIFICADOR DEL NÚMERO DE CONTROL
campo de control DO-SdBNP
005 - FECHA Y HORA DE LA ÚLTIMA TRANSACCIÓN
campo de control 20241010115736.0
008 - DATOS DE LONGITUD FIJA--INFORMACIÓN GENERAL
campo de control de longitud fija 500101s1954 sp b 001 0 spa d
040 ## - FUENTE DE LA CATALOGACIÓN
Centro catalogador/agencia de origen DO-SdBNP
Lengua de catalogación spa
Centro/agencia transcriptor BNPHU
082 ## - NÚMERO DE LA CLASIFICACIÓN DECIMAL DEWEY
Número de clasificación xxxx
Número de documento/Ítem P453c
100 1# - ENTRADA PRINCIPAL--NOMBRE DE PERSONA
Nombre de persona Perpiñá Grau, Román.
9 (RLIN) 41148
245 10 - MENCIÓN DE TÍTULO
Título Cronología :
Resto del título teoría estructural y estructurante de la población de España (1900-1950).
260 ## - PUBLICACIÓN, DISTRIBUCIÓN, ETC.
Lugar de publicación, distribución, etc. Madrid,
Fecha de publicación, distribución, etc. 1954.
300 ## - DESCRIPCIÓN FÍSICA
Extensión 210 p. :
Otras características físicas mapas. ;
Dimensiones 23 cm.
490 1# - MENCIÓN DE SERIE
Mención de serie Consejo Superior de Investigaciones Científicas.Instituto de Economía Sancho de Moncada.
Designación de volumen o secuencia n. 10
500 ## - NOTA GENERAL
Nota general Incluye índice.
504 ## - NOTA DE BIBLIOGRAFÍA, ETC.
Nota de bibliografía, etc. Incluye referencias bibliográficas y notas al pie de las páginas.
830 #0 - PUNTO DE ACCESO ADICIONAL DE SERIE-TÍTULO UNIFORME
Título uniforme Instituto "Sancho de Moncada.¨
Nombre de parte o sección de la obra Teoría económica ;
Designación de volumen o secuencia no. 10
9 (RLIN) 41149
910 ## - DATOS DE OPCIÓN DEL USUARIO (OCLC)
Datos de opción del usuario Catalogación derivada /Oxford
942 ## - ELEMENTOS DE PUNTO DE ACCESO ADICIONAL (KOHA)
Fuente del sistema de clasificación o colocación Dewey Decimal Classification
Tipo de ítem Koha Libro
Holdings
Estado de retiro Estado de pérdida Restricciones de uso No para préstamo Código de colección Localización permanente Ubicación/localización actual Ubicación en estantería Fecha de adquisición Número de inventario Total de préstamos Signatura topográfica completa Código de barras Fecha visto por última vez Precio válido a partir de Tipo de ítem Koha
        Monografías: Libros y Folletos General General En catalogación 26.05.2010 LF1   xxxx P453c 19126-10 25.06.2020 25.06.2020 Préstamo en sala

Powered by Koha